00690nam a2200169Ia 4500003000200000005001700002008004100019050002400060100002500084245011700109260008600226300002800312521002700340942001200367999001900379952012200398020250217122315.0140724s9999 xx 000 0 und d aTS 155 b.Uy97 2011 aUy, Jayne Kathryn C. aSeafarer information system of Mitsui Osk Lines Training Center Philippines, Inc. (MOTR) /cJayne Kathryn C. Uy. aLas Piñas, Philippines :bSouthville International School and Colleges,cc2011. a67 p. :bill. ;c28 cm. aInformation Technology cTH2lcc c229258d229258 00102lcc40aCLbCLcTHESESd2014-07-24eDONATIONl0oTS 155 .Uy97 2011 pT0612r2017-03-23 00:00:00w2014-07-24yTH